Statistiques concernant Culture Générale - Série 215

Cliquez ici pour prendre le quiz!

Statistiques générales

  • Ce quiz a été pris 189 fois
  • Le résultat moyen est 5 sur 10

Statistiques - réponses

QuestionRéponse% Correct
En compétition de nage libre, quelle nage est le plus souvent pratiquée ?Le crawl
93%
De quelle planète Io, Europe, Ganymède et Callisto sont-ils des satellites ?Jupiter
80%
Quel nom le drapeau du Royaume-Uni porte-t-il ?Union Jack
76%
Quel effet parasite produit-on en rapprochant 1 micro d'1 haut-parleur ?Un larsen
60%
A quel moment de la journée d'un faune est consacré un prélude de Debussy ?L'après-midi
46%
Quelle chanteuse interprétait le tube "Maxou" en 1988 ?Vanessa Paradis
41%
En 2003, qui joue la femme de Didier Bourdon dans "7 Ans de mariage" ?Catherine Frot
28%
Qui a piégé Segolène Royal en se faisant passer pour le 1er ministre canadien ?Gérald Dahan
28%
Quelle est la profession du mari de "Ma sorcière bien-aimée" ?Publicitaire
15%
Quel aventurier Richard Chamberlain incarne-t-il au cinéma en 86 et 87 ?Allan Quatermain
11%

Distribution des résultats

Percentile par nombre de réponses

% des personnes avec chaque résultat

Votre développement - résultats

Vous n’avez pas pris ce quiz